000 00672nam a2200217Ia 4500
001 10792
003 GE_BSU
008 181216s||||||||xx |||||||||||||| ||und||
040 _cGE_BSU
080 _a821.353.1-1
100 _aქათამაძე,ჯემალ.
245 _aოცნების კონცხი.
245 _bლექსები.
245 _cრედ.შ.ზოიძე; მხატვ.გ.ხოჯაშვილი.
260 _aბათუმი.
260 _bსაბჭოთა აჭარა.
260 _c1972.
300 _a90გვ;17სმ.
653 _aოცნების კონცხი.
942 _cBK
999 _c44040
_d44040